00316 a2200097 4500001001000000005001700010008004100027245007500068100002400143773005100167ART_1852020260410161702.0260409a 10aRégimen de información para fideicomisos del país y del exterior1 aFerraro, Ricardo H.0 tRevista Impuestosg- Nº 7 (jul. 2012)wREV639